Iraq : Frequently Asked Questions About Contracting.

Provides answers to frequently asked questions about contracts for the reconstruction and recovery in Iraq after Operation Iraqi Freedom (OIF), and questions about contracts for providing support services to the U.S. military during and after OIF. Describes the governing authorities for Federal Gove...

Full description

Bibliographic Details
Corporate Authors: Library of Congress. Congressional Research Service, ProQuest (Firm)
Format: eBook
Language:English
Published: [Place of publication not identified] : [publisher not identified], 2004.
Series:U.S. Congressional Research.
Subjects:
Online Access:Connect to the full text of this electronic book

MARC

Tag First Indicator Second Indicator Subfields
LEADER 00000cam a22000001a 4500
001 in00003305721
006 m d f
007 cr bn mmmapmmp
008 101130s2004 dcu o f000 0 eng d
005 20260501192444.5
035 |a cis2007844097 
040 |a ProQuest  |c ProQuest  |d UtOrBLW 
043 |a n-us--- 
099 |a CRS-2004-FDT-0126 
110 2 |a Library of Congress.  |b Congressional Research Service. 
245 1 0 |a Iraq :  |b Frequently Asked Questions About Contracting. 
264 1 |a [Place of publication not identified] :  |b [publisher not identified],  |c 2004. 
300 |a 1 online resource. 
336 |a text  |b txt  |2 rdacontent 
337 |a computer  |b c  |2 rdamedia 
338 |a online resource  |b cr  |2 rdacarrier 
500 |a Record is based on bibliographic data in ProQuest U.S. Congressional Research Digital Collection (last viewed Nov. 2010). Reuse except for individual research requires license from ProQuest, LLC. 
500 |a CRS Report. 
520 |a Provides answers to frequently asked questions about contracts for the reconstruction and recovery in Iraq after Operation Iraqi Freedom (OIF), and questions about contracts for providing support services to the U.S. military during and after OIF. Describes the governing authorities for Federal Government contracting policy in general, and Iraqi contracting policy in particular; the contracting process, issues, and challenges; the authority of individual Federal agencies; contract awards and the identity of major prime contractors; the business procurement process, Congressional oversight, and resources for additional information. 
500 |a Electronic resource. 
650 0 |a Armed Forces. 
650 0 |a Defense contracts. 
650 0 |a Administrative agencies. 
655 7 |a Electronic books.  |2 local 
710 2 |a ProQuest (Firm) 
776 0 8 |i Microfiche version:   |a Library of Congress. Congressional Research Service.  |t Iraq 
830 0 |a U.S. Congressional Research. 
856 4 0 |u http://proxy.library.tamu.edu/login?url=https://congressional.proquest.com/congcomp/getdoc?CRDC-ID=CRS-2004-FDT-0126  |z Connect to the full text of this electronic book  |t 0 
999 |a MARS 
999 f f |s 9611fd12-2ff5-3291-b7cd-283279571c8b  |i fbb18927-a4da-3de0-8ca4-fc8aaf0d6f55  |t 0 
952 f f |a Texas A&M University  |b College Station  |c Electronic Resources  |s www_evans  |d Available Online  |t 0  |e CRS-2004-FDT-0126  |h Other scheme 
998 f f |a CRS-2004-FDT-0126  |t 0  |l Available Online